| 000 | 01294 a2200193 4500 | ||
|---|---|---|---|
| 003 | Nust | ||
| 005 | 20221226095122.0 | ||
| 010 | _a48022695 | ||
| 040 | _cNust | ||
| 082 | _a621.385,POO | ||
| 100 |
_aPoole, Joseph _9105852 |
||
| 245 |
_aThe telephone handbook : _bbeing the 8th ed. of the Practical telephone handbook / _cJoseph Poole, |
||
| 260 |
_aI. Pitman _bLondon _c1946 |
||
| 300 |
_axiv, 510 p _billus _c23 cm |
||
| 505 | _aAlternating Current Theory (Page-1), Telephone Instrument Circuits (Page-18), Private Branch Exchange (Page-52), Telephone Apparatus (Page-65), Manual Telephone Exchange Circuits (Page-84), Manual Exchange Equipments (Page-120), Relays (Page-141), Batteries (Page-161), Power Plant (Page-187), Automatic Exchange Circuits (Page-216),Automatic Equipment and Trunking (Page-263), Trunk Exchange (Page-290), Testing (Page-313), Transmission Theory (Page-327), Line Characteristics and Loading (Page-362), Wave Filter and Attenuation Equalizers (Page-390), Valves and Repeaters (Page-412), Carrier Telephony (Page-455), Submarine Telephone Cables (Page-483), Transmission Standards and Allowances (Page-490). | ||
| 600 |
_aPoole, Joseph _9105852 |
||
| 650 |
_aThe telephone handbook; being the 8th ed. of the Practical telephone handbook _9105853 |
||
| 942 |
_2ddc _cBK |
||
| 999 |
_c183723 _d183723 |
||